Представление документа в формате RUSMARC

ПолеНазваниеЗначение
  Тип записи a
  Библиографический уровень m
001 Контрольный номер RU/SLIB/B/223057653
005 Дата корректировки 20211210142854.0
010 Индекс ISBN __
a ISBN 5-98119-966-0
d Цена 32-73
101 Язык документа 0_
a Язык текста rus
c Язык оригинала rus
200 Заглавие и сведения об ответственности 1_
a Заглавие История политических и правовых учений
e Сведения, относящиеся к заглавию курс лекций
f Первые сведения об ответственности В. В. Кучер
b Общее обозначение материала Текст
210 Выходные данные 1_
a Место издания М.
c Издательство Омега-Л
d Дата издания 2006
215 Физическое описание __
a Объем 203 с.
225 Серия 2_
a Серия Библиотека высшей школы
330 Аннотация __
a Аннотация Рассматривается возникновение идейно-теоретических представлений о государстве и праве в историко-хронологическом развитии.
600 Персоналии _1
a Персоналии (Фамилия) Сократ
600 Персоналии _1
a Персоналии (Фамилия) Платон
600 Персоналии _1
a Персоналии (Фамилия) Аристотель
600 Персоналии _1
a Персоналии (Фамилия) Цицерон
600 Персоналии _1
a Персоналии (Фамилия) Августин Аврелий
c Дополнение к имени Августин Блаженный
600 Персоналии _1
a Персоналии (Фамилия) Фома Аквинский
600 Персоналии _1
a Персоналии (Фамилия) Лютер, М.
600 Персоналии _1
a Персоналии (Фамилия) Кальвин, Ж.
600 Персоналии _1
a Персоналии (Фамилия) Боден, Ж.
600 Персоналии _1
a Персоналии (Фамилия) Гроций
600 Персоналии _1
a Персоналии (Фамилия) Спиноза, Б.
600 Персоналии _1
a Персоналии (Фамилия) Гоббс, Т.
600 Персоналии _1
a Персоналии (Фамилия) Локк, Д.
600 Персоналии _1
a Персоналии (Фамилия) Монтескье, Ш. Л.
600 Персоналии _1
a Персоналии (Фамилия) Кант, И.
600 Персоналии _1
a Персоналии (Фамилия) Руссо, Ж.-Ж.
600 Персоналии _1
a Персоналии (Фамилия) Гегель, Г. В. Ф.
600 Персоналии _1
a Персоналии (Фамилия) Бентам, И.
600 Персоналии _1
a Персоналии (Фамилия) Констан, Б.
600 Персоналии _1
a Персоналии (Фамилия) Берк, Э.
600 Персоналии _1
a Персоналии (Фамилия) Гумплович, Л.
600 Персоналии _1
a Персоналии (Фамилия) Еллинек, Г.
600 Персоналии _1
a Персоналии (Фамилия) Моска, Г.
600 Персоналии _1
a Персоналии (Фамилия) Парето, В.
600 Персоналии _1
a Персоналии (Фамилия) Михельс, Р.
600 Персоналии _1
a Персоналии (Фамилия) Штаммлер, Р.
600 Персоналии _1
a Персоналии (Фамилия) Дюга, Л.
600 Персоналии _1
a Персоналии (Фамилия) Ориу, М.
600 Персоналии _1
a Персоналии (Фамилия) Эрлих, Е.
600 Персоналии _1
a Персоналии (Фамилия) Вебер, М.
606 Тематические рубрики __
a Основная рубрика Политика. Политология
606 Тематические рубрики __
a Основная рубрика Право
606 Тематические рубрики __
a Основная рубрика Всеобщая история политической мысли
606 Тематические рубрики __
a Основная рубрика История правовой мысли
606 Тематические рубрики __
a Основная рубрика История государства и права
z Хронологическая подрубрика 1 в. до н. э.-20 в. н. э.
y Географическая подрубрика Россия; Древняя Русь; Древняя Греция; Древний Рим; Западная Европа; Голландия; Англия; Франция; Германия
610 Ключевые слова 0_
a Ключевые слова политическая мысль; политические учения; политические идеи; философы; правоведы; политико-правовая теория; религиозные философы; древняя философия; социологи; персоналии; Античность; средние века; Возрождение; Реформация; Просвещение; христианство; ислам; буржуазные революции; Французская революция; социализм; революционное народничество; политология; консерватизм; либерализм; анархизм; реформаторы; радикалы; либерализм; стоицизм; консерватизм; институционализм; формы правления; демократия; технократия; правовые учения; правовые школы; интегральная юриспруденция; средневековая юриспруденция; дуалистическая теория; солидаризм; институционализм; политико-правовая мысль; утопический социализм; марксизм
686 Индексы других классификаций __
a Классификационный индекс 66.1(0)я73
686 Индексы других классификаций __
a Классификационный индекс 67.0я73
700 Автор _1
a Фамилия Кучер
b Имя В. В.
4 Код отношения 070
801 Источник записи _0
a Страна RU
b Организация Муниципальное бюджетное учреждение культуры "Централизованная библиотечная система" г. Сургут (Центральная городская библиотека им. А. С. Пушкина)
g Правила каталогизации КиК/Елгина
801 Источник записи _1
a Страна RU
b Организация Муниципальное бюджетное учреждение культуры "Централизованная библиотечная система" г. Сургут (Центральная городская библиотека им. А. С. Пушкина)
g Правила каталогизации КиК/Елгина
852 Данные о местонахождении __
j Шифр хранения 66.1(0)я73
c Каталожный индекс 66.1(0)я73; 67.0я73
i Авторский знак К 95
901 Тип документа __
t Тип документа m
903 Характеристики (МАРС) __
a Дата передачи 20070219
969 Тип издания __
a Тип издания учебник
990 Данные о заказе (DOS) __
j Количество экземпляров (DOS) 3
h N записи в КСУ для Б/У (DOS) 200703